|
|
|
|
| LEADER |
00000naa2a2200000 4500 |
| 001 |
607089 |
| 005 |
20260312165824.0 |
| 035 |
|
|
|a (RuTPU)RU\TPU\conf\4470
|
| 035 |
|
|
|a RU\TPU\conf\4465
|
| 090 |
|
|
|a 607089
|
| 100 |
|
|
|a 20140630d2014 k y0rusy50 ca
|
| 101 |
0 |
|
|a rus
|
| 102 |
|
|
|a RU
|
| 135 |
|
|
|a drnn ---uucaa
|
| 181 |
|
0 |
|a i
|
| 182 |
|
0 |
|a b
|
| 200 |
1 |
|
|a Оптимизация условий культивирования Pseudomonas aeruqinosa
|f Н. А. Кичеева, Е. Пальчевская, И. Ю. Хохлова
|g науч. рук. М. В. Чубик
|
| 203 |
|
|
|a Текст
|c электронный
|
| 225 |
1 |
|
|a Теоретические и прикладные аспекты физической и аналитической химии
|
| 300 |
|
|
|a Заглавие с титульного экрана
|
| 320 |
|
|
|a [Библиогр.: с. 193 (5 назв.)]
|
| 337 |
|
|
|a Adobe Reader
|
| 461 |
|
1 |
|0 (RuTPU)RU\TPU\conf\4064
|t Химия и химическая технология в XXI веке
|o материалы XV Международной научно-практической конференции студентов и молодых ученых имени профессора Л.П. Кулёва, Томск, 26-29 мая 2014 г
|o в 2 т.
|d 2014
|
| 463 |
|
1 |
|0 (RuTPU)RU\TPU\conf\4137
|t Т. 1
|v [С. 191-193]
|d 2014
|
| 610 |
1 |
|
|a труды учёных ТПУ
|
| 610 |
1 |
|
|a электронный ресурс
|
| 610 |
1 |
|
|a оптимизация
|
| 610 |
1 |
|
|a культивирование
|
| 610 |
1 |
|
|a пиоцианин
|
| 700 |
|
1 |
|a Кичеева
|b Н. А.
|
| 701 |
|
1 |
|a Пальчевская
|b Е.
|c химик-органик
|c инженер Томского политехнического университета
|f 1992-
|g Екатерина
|3 (RuTPU)RU\TPU\pers\35296
|
| 701 |
|
1 |
|a Хохлова
|b И. Ю.
|c химик-органик
|c инженер Томского политехнического университета
|f 1990-
|g Ирина Юрьевна
|3 (RuTPU)RU\TPU\pers\30873
|
| 702 |
|
1 |
|a Чубик
|b М. В.
|c химик
|c доцент Томского политехнического университета, кандидат медицинских наук
|f 1974-
|g Марианна Валериановна
|4 727
|
| 712 |
0 |
2 |
|a Национальный исследовательский Томский политехнический университет (ТПУ)
|b Институт физики высоких технологий (ИФВТ)
|b Кафедра биотехнологии и органической химии (БИОХ)
|3 (RuTPU)RU\TPU\col\18693
|
| 801 |
|
2 |
|a RU
|b 63413507
|c 20150930
|g RCR
|
| 856 |
4 |
|
|u http://www.lib.tpu.ru/fulltext/c/2014/C27/V1/092.pdf
|
| 942 |
|
|
|c CF
|